<?xml version="1.0" encoding="UTF-8"?>
<record
    xmlns:xsi="http://www.w3.org/2001/XMLSchema-instance"
    xsi:schemaLocation="http://www.loc.gov/MARC21/slim http://www.loc.gov/standards/marcxml/schema/MARC21slim.xsd"
    xmlns="http://www.loc.gov/MARC21/slim">

  <leader>02842nab a2200253uuc4500</leader>
  <controlfield tag="001">1405509</controlfield>
  <controlfield tag="005">20251030094214.0</controlfield>
  <controlfield tag="008">150409e20150105                    spa  </controlfield>
  <datafield tag="035" ind1=" " ind2=" ">
    <subfield code="a">1405509</subfield>
  </datafield>
  <datafield tag="040" ind1=" " ind2=" ">
    <subfield code="c">comduadb</subfield>
  </datafield>
  <datafield tag="041" ind1=" " ind2=" ">
    <subfield code="a">spa</subfield>
  </datafield>
  <datafield tag="100" ind1="1" ind2="0">
    <subfield code="a">Castro, Maria Christabelle</subfield>
    <subfield code="4">aut</subfield>
    <subfield code="e">aut</subfield>
    <subfield code="9">717294</subfield>
  </datafield>
  <datafield tag="245" ind1="1" ind2="0">
    <subfield code="a">C&#xF3;digo paro: superar el miedo</subfield>
  </datafield>
  <datafield tag="520" ind1="3" ind2=" ">
    <subfield code="a">INTRODUCCI&#xD3;N : Las emergencias cardiopulmonares son episodios de alto riesgo y de baja incidencia en las unidades de larga estancia. Muchas enfermeras consideran que la actuaci&#xF3;n ante un paro cardiorrespiratorio es una experiencia estresante que provoca inseguridad y miedo. Est&#xE1;bamos preocupados por las enfermeras del Community Living Center (CLC), una unidad de larga estancia para veteranos ubicada cerca del hospital de referencia, porque no se sent&#xED;an seguras sobre sus habilidades debido a la baja incidencia de paros cardiorrespiratorios en el &#xE1;mbito sociosanitario comparado con el hospitalario. El CLC es un centro residencial en el que los veteranos reciben rehabilitaci&#xF3;n a corto o largo plazo, ayuda en las actividades de la vida diaria y atenci&#xF3;n enfermera y m&#xE9;dica adecuadas. Nos preocupaba el hecho de que las enfermeras, t&#xE9;cnicos en cuidados auxiliares y auxiliares de enfermer&#xED;a del CLC no tuvieran la pericia m&#xED;nima necesaria para el abordaje de un paro cardiorrespiratorio. Puesto que el centro se halla a tan solo 6 a 10 minutos del hospital de referencia, los miembros del equipo de paros del hospital junto con los del comit&#xE9; de cuidados cr&#xED;ticos decidieron evaluar la confianza del personal del CLC ante situaciones de c&#xF3;digo paro mediante ejercicios de simulaci&#xF3;n. Pusimos en marcha un programa de formaci&#xF3;n en dos fases, de acuerdo con las &#xFA;ltimas recomendaciones basadas en la evidencia, para mejorar la respuesta de las enfermeras ante situaciones de c&#xF3;digo paro y la seguridad de los pacientes. Asimismo, hicimos extensible las pr&#xE1;cticas de simulaci&#xF3;n a los m&#xE9;dicos residentes e internos de la unidad de cuidados intensivos que forman parte del equipo de paros. Recomendaciones y formaci&#xF3;n pr&#xE1;ctica : La American Heart Association actualiz&#xF3; por &#xFA;ltima vez las recomendaciones de actuaci&#xF3;n ante emergencias cardiovasculares y de reanimaci&#xF3;n cardiopulmonar en el a&#xF1;o 2010 bas&#xE1;ndose en un proceso de evaluaci&#xF3;n de la evidencia.</subfield>
  </datafield>
  <datafield tag="650" ind1=" " ind2="7">
    <subfield code="a">Reanimaci&#xF3;n cardiopulmonar</subfield>
    <subfield code="2">dcs</subfield>
    <subfield code="9">22592</subfield>
  </datafield>
  <datafield tag="650" ind1=" " ind2=" ">
    <subfield code="a">Enfermedades cardiopulmonares</subfield>
    <subfield code="9">36991</subfield>
  </datafield>
  <datafield tag="650" ind1=" " ind2="7">
    <subfield code="a">Resucitaci&#xF3;n</subfield>
    <subfield code="2">dcs</subfield>
    <subfield code="9">184141</subfield>
  </datafield>
  <datafield tag="650" ind1=" " ind2=" ">
    <subfield code="a">Reanimaci&#xF3;n (medicina)</subfield>
    <subfield code="9">58726</subfield>
  </datafield>
  <datafield tag="650" ind1=" " ind2=" ">
    <subfield code="a">Paro cardiorrespiratorio</subfield>
    <subfield code="9">188373</subfield>
  </datafield>
  <datafield tag="700" ind1="1" ind2="0">
    <subfield code="a">Cruz, Milagros</subfield>
    <subfield code="4">aut</subfield>
    <subfield code="e">aut</subfield>
    <subfield code="9">717295</subfield>
  </datafield>
  <datafield tag="700" ind1="1" ind2="0">
    <subfield code="a">Briones, Ruben</subfield>
    <subfield code="4">aut</subfield>
    <subfield code="e">aut</subfield>
    <subfield code="9">695480</subfield>
  </datafield>
  <datafield tag="773" ind1="0" ind2=" ">
    <subfield code="t">Nursing : Edici&#xF3;n Espa&#xF1;ola (Barcelona)</subfield>
    <subfield code="g">Volumen 32, N&#xFA;mero 01, Enero-Febrero 2015, p. 56-58</subfield>
    <subfield code="w">322381</subfield>
    <subfield code="x">0212-5382</subfield>
    <subfield code="0">103798</subfield>
  </datafield>
  <datafield tag="942" ind1=" " ind2=" ">
    <subfield code="c">ARIMP</subfield>
  </datafield>
  <datafield tag="999" ind1=" " ind2=" ">
    <subfield code="c">709668</subfield>
    <subfield code="d">709668</subfield>
  </datafield>
</record>
